000 00425nam a22001817a 4500
003 MPLRDC
005 20220104123900.0
008 210129b ||||| |||| 00| 0 eng d
082 _a563.5 JJRB v.3
100 _a林泉源著
245 _a证券经. 第三集
_c
250 _a初版
260 _a
_b经济日报社
_c1982
300 _b
490 _a经济日报丛书
650 _a
942 _cBK
_o563.5 JJRB v.3
999 _c14937
_d14927